[Event "Oberliga Sued W 1920"]
[Site "Germany"]
[Date "2020.03.01"]
[Round "7.5"]
[White "Friedrich, Marius"]
[Black "Faldum, Manfred"]
[Result "1-0"]
[WhiteElo "2092"]
[BlackElo "2051"]
[PlyCount "105"]
[EventDate "2019.09.29"]
[EventType "team-tourn"]
[EventRounds "9"]
[EventCountry "GER"]
[SourceTitle "EXT 2021"]
[Source "ChessBase"]
[SourceDate "2020.10.23"]
[SourceVersion "1"]
[SourceVersionDate "2020.10.23"]
[SourceQuality "1"]

1. e4 c5 2. Nf3 g6 3. d4 cxd4 4. Nxd4 Bg7 5. c4 Nc6 6. Be3 Nf6 7. Nc3 0-0 8. Be2 d6 9. Qd2 Bd7 10. 0-0 Nxd4 11. Bxd4 Bc6 12. f3 a5 13. Rab1 Nd7 14. Be3 a4 15. b4 axb3 16. axb3 Qa5 17. Rfc1 Qe5 18. b4 Ra3 19. Nd5 Bxd5 20. cxd5 Rc3 21. Rxc3 Qxc3 22. Rc1 Qxd2 23. Bxd2 Bd4+ 24. Kf1 Bb6 25. Bb5 Nf6 26. Bh6 Ra8 27. g4 Ne8 28. Bxe8 Rxe8 29. Ke2 f6 30. Be3 Bxe3 31. Kxe3 Kf7 32. Rc7 Rb8 33. b5 g5 34. b6 h6 35. Kf2 Ke8 36. Kg3 Kd8 37. h4 Ke8 38. f4 Kf7 39. hxg5 hxg5 40. fxg5 fxg5 41. e5 dxe5 42. d6 Rd8 43. dxe7 Rd3+ 44. Kf2 Rb3 45. Rxb7 e4 46. Rb8 Kxe7 47. b7 Kd7 48. Rg8 Rxb7 49. Rg7+ Kc6 50. Rxb7 Kxb7 51. Ke3 Kc7 52. Kxe4 Kd7 53. Kf5 1-0

[Event "Basel op"]
[Site "Basel"]
[Date "2018.01.07"]
[Round "9"]
[White "Weber, Dominik"]
[Black "Faldum, Manfred"]
[Result "1-0"]
[WhiteElo "2043"]
[BlackElo "2065"]
[PlyCount "85"]
[EventDate "2018.01.02"]
[EventType "swiss"]
[EventRounds "9"]
[EventCountry "SUI"]
[SourceTitle "CBM 182 Extra"]
[Source "ChessBase"]
[SourceDate "2018.02.23"]
[SourceVersion "1"]
[SourceVersionDate "2018.02.23"]
[SourceQuality "1"]

1. d4 Nf6 2. Nf3 g6 3. c4 Bg7 4. Nc3 0-0 5. g3 d6 6. Bg2 Nc6 7. 0-0 a6 8. b3 Rb8 9. e3 Bf5 10. Nh4 Bd7 11. f4 Na5 12. Bd2 c5 13. dxc5 dxc5 14. Qe1 Nc6 15. Rd1 Bg4 16. Nf3 e6 17. h3 Bxf3 18. Bxf3 Qc7 19. Na4 b6 20. Bc3 Rfd8 21. Qe2 Rd7 22. Qg2 Rxd1 23. Rxd1 Rd8 24. Rxd8+ Nxd8 25. Be5 Qa7 26. Qd2 Nd7 27. Bxg7 Kxg7 28. Nxb6 Qxb6 29. Qxd7 Kg8 30. g4 Qa5 31. Qd1 Qc7 32. Kg2 Nc6 33. Qd2 Ne7 34. b4 cxb4 35. Qxb4 e5 36. c5 exf4 37. exf4 Qd7 38. Kg3 h5 39. Qb8+ Kh7 40. Qd6 Qa7 41. Be4 Nc8 42. Qf8 hxg4 43. Qxc8 1-0

[Event "Basel op"]
[Site "Basel"]
[Date "2018.01.02"]
[Round "1"]
[White "Maerevoet, Sim"]
[Black "Faldum, Manfred"]
[Result "1-0"]
[WhiteElo "2270"]
[BlackElo "2065"]
[PlyCount "39"]
[EventDate "2018.01.02"]
[EventType "swiss"]
[EventRounds "9"]
[EventCountry "SUI"]
[SourceTitle "CBM 182 Extra"]
[Source "ChessBase"]
[SourceDate "2018.02.23"]
[SourceVersion "1"]
[SourceVersionDate "2018.02.23"]
[SourceQuality "1"]

1. d4 g6 2. e4 Bg7 3. Nc3 c5 4. dxc5 Bxc3+ 5. bxc3 Nf6 6. Qd4 Nc6 7. Qa4 d6 8. cxd6 Qxd6 9. Bd3 Bd7 10. Ne2 0-0 11. Qa3 Qe6 12. f3 Ne5 13. Nd4 Qb6 14. Be3 Qc7 15. 0-0 Nc4 16. Bxc4 Qxc4 17. Qxe7 Nh5 18. Qxd7 Rad8 19. Qxb7 Qxc3 20. Qb3 1-0

[Event "Hofheim Spring op-A 4th"]
[Site "Hofheim"]
[Date "2016.03.30"]
[Round "3"]
[White "Faldum, Manfred"]
[Black "Roessler, Ulrike"]
[Result "1-0"]
[WhiteElo "2001"]
[BlackElo "2122"]
[PlyCount "49"]
[EventDate "2016.03.29"]
[EventType "swiss"]
[EventRounds "9"]
[EventCountry "GER"]
[SourceTitle "CBM 171 Extra"]
[Source "ChessBase"]
[SourceDate "2016.04.26"]
[SourceVersion "1"]
[SourceVersionDate "2016.04.26"]
[SourceQuality "1"]

1. e4 d6 2. Nc3 Nf6 3. g3 g6 4. Bg2 Bg7 5. d3 c6 6. h3 b5 7. e5 dxe5 8. Nxb5 0-0 9. Nc3 Ba6 10. Nge2 Qb6 11. 0-0 Rd8 12. Rb1 Nd5 13. Na4 Qa5 14. b3 Nd7 15. Bd2 Qc7 16. Nec3 N7f6 17. Nc5 Bc8 18. Qe1 a5 19. N3a4 Nh5 20. a3 f5 21. c4 Ndf6 22. Bc3 Nd7 23. Ne6 Qa7 24. Nxd8 Nxg3 25. Nxc6 1-0

[Event "GER-chT U20"]
[Site "Osnabrueck"]
[Date "2013.12.29"]
[Round "6.3"]
[White "Gibicar, Danijel"]
[Black "Faldum, Manfred"]
[Result "1-0"]
[WhiteElo "2121"]
[BlackElo "1927"]
[PlyCount "125"]
[EventDate "2013.12.27"]
[EventType "team-swiss"]
[EventRounds "7"]
[EventCountry "GER"]
[SourceTitle "EXT 2015"]
[Source "ChessBase"]
[SourceDate "2014.11.20"]
[SourceVersion "1"]
[SourceVersionDate "2014.11.20"]
[SourceQuality "1"]
[WhiteTeam "Bebenhausen"]
[BlackTeam "Heidesheim"]
[WhiteTeamCountry "GER"]
[BlackTeamCountry "GER"]

1. e4 c5 2. Nf3 g6 3. d4 cxd4 4. Nxd4 Bg7 5. Be2 Nc6 6. Nb3 Nf6 7. Nc3 0-0 8. Be3 d6 9. f4 Bd7 10. 0-0 Rb8 11. a4 a5 12. Kh1 Nb4 13. Bf3 Bc6 14. Nd5 b5 15. Nxb4 axb4 16. Nd4 Qc7 17. axb5 Bxb5 18. Nxb5 Rxb5 19. Ra7 Rb7 20. Ra6 Rbb8 21. Qd3 Rfc8 22. Ba7 Rb7 23. Rfa1 Qxc2 24. Qxc2 Rxc2 25. e5 Rbc7 26. exf6 Bxf6 27. h3 Bxb2 28. Rd1 Bc1 29. Bb6 Rc8 30. Bb7 Rb8 31. Be4 Rc4 32. Bd3 Rc3 33. Bd4 Rcc8 34. Ba7 Rb7 35. Ra1 Ra8 36. Rdxc1 Rbxa7 37. Rxa7 Rxa7 38. Rb1 Rb7 39. Bc4 Kg7 40. Kg1 Kf6 41. Kf2 e5 42. Ke3 Kf5 43. g3 exf4+ 44. gxf4 Rb6 45. Bxf7 g5 46. fxg5 Kxg5 47. Ke4 Kh4 48. Rb3 Kg5 49. Be6 Kf6 50. Bd5 Kg5 51. Be6 Kf6 52. Bg8 h6 53. h4 Rb5 54. Rf3+ Kg6 55. Bf7+ Kg7 56. Bd5 Kg6 57. Bf7+ Kg7 58. Bc4 Rc5 59. Kd4 Kg6 60. Bf7+ Kg7 61. Bc4 Kg6 62. Rf4 Rf5 63. Bd3 1-0

[Event "Dresden ZMD op 22nd"]
[Site "Dresden"]
[Date "2013.08.16"]
[Round "7"]
[White "Mertens, Fridolin"]
[Black "Faldum, Manfred"]
[Result "1/2-1/2"]
[WhiteElo "2097"]
[BlackElo "1886"]
[PlyCount "79"]
[EventDate "2013.08.10"]
[EventType "swiss"]
[EventRounds "9"]
[EventCountry "GER"]
[SourceTitle "CBM 155 Extra"]
[Source "ChessBase"]
[SourceDate "2013.08.26"]
[SourceVersion "1"]
[SourceVersionDate "2013.08.26"]
[SourceQuality "1"]

1. e4 c5 2. Nf3 g6 3. d4 cxd4 4. Nxd4 Bg7 5. c4 Nc6 6. Be3 Nf6 7. Nc3 0-0 8. Be2 d6 9. 0-0 Nxd4 10. Bxd4 Bd7 11. f4 Bc6 12. Bf3 a5 13. Nd5 Nd7 14. Bxg7 Kxg7 15. Qd4+ Kg8 16. Kh1 Bxd5 17. cxd5 Qb6 18. Qxb6 Nxb6 19. Rac1 Rfc8 20. Bg4 Rxc1 21. Rxc1 Kf8 22. b3 Ke8 23. Rc7 Rb8 24. Kg1 Kd8 25. Rc3 Nd7 26. Bxd7 Kxd7 27. Kf2 Rc8 28. Rxc8 Kxc8 29. Ke3 Kc7 30. Kd4 Kb6 31. g4 Kb5 32. a3 Kb6 33. e5 f5 34. gxf5 gxf5 35. exd6 exd6 36. Kc4 Ka6 37. a4 Kb6 38. Kd4 Ka6 39. Kc4 Kb6 40. Kd4 1/2-1/2

[Event "Dresden ZMD op 22nd"]
[Site "Dresden"]
[Date "2013.08.15"]
[Round "6"]
[White "Faldum, Manfred"]
[Black "Hansch, Karsten"]
[Result "0-1"]
[WhiteElo "1886"]
[BlackElo "2141"]
[PlyCount "73"]
[EventDate "2013.08.10"]
[EventType "swiss"]
[EventRounds "9"]
[EventCountry "GER"]
[SourceTitle "CBM 155 Extra"]
[Source "ChessBase"]
[SourceDate "2013.08.26"]
[SourceVersion "1"]
[SourceVersionDate "2013.08.26"]
[SourceQuality "1"]

1. Nf3 Nf6 2. g3 g6 3. Bg2 Bg7 4. c4 0-0 5. 0-0 d6 6. Nc3 c5 7. Rb1 Nc6 8. Ne1 Be6 9. d3 Qd7 10. Bh1 Rab8 11. Nc2 Rfc8 12. b4 cxb4 13. Nxb4 Nxb4 14. Rxb4 d5 15. Bf4 Ra8 16. Qb1 b6 17. Be5 Rd8 18. Bxf6 Bxf6 19. Nxd5 Bd4 20. Rb3 Rac8 21. Rc1 Bf5 22. Qc2 Bg7 23. Qd2 h5 24. Rb5 e6 25. Nc3 Rxc4 26. Rd5 exd5 27. dxc4 dxc4 28. Qxd7 Rxd7 29. Nd5 b5 30. e4 Be6 31. f3 c3 32. Nxc3 Rd3 33. Nxb5 Rxf3 34. Nxa7 Ra3 35. Nc6 Rxa2 36. Rd1 Rc2 37. Nb4 0-1

[Event "Dresden ZMD op 22nd"]
[Site "Dresden"]
[Date "2013.08.14"]
[Round "5"]
[White "Faldum, Manfred"]
[Black "Boehm, Robert"]
[Result "1/2-1/2"]
[WhiteElo "1886"]
[BlackElo "2178"]
[PlyCount "59"]
[EventDate "2013.08.10"]
[EventType "swiss"]
[EventRounds "9"]
[EventCountry "GER"]
[SourceTitle "CBM 155 Extra"]
[Source "ChessBase"]
[SourceDate "2013.08.26"]
[SourceVersion "1"]
[SourceVersionDate "2013.08.26"]
[SourceQuality "1"]

1. Nf3 Nf6 2. g3 d5 3. Bg2 c6 4. b3 Nbd7 5. Bb2 Qc7 6. d4 e6 7. c4 Be7 8. Nbd2 0-0 9. 0-0 a5 10. Qc2 a4 11. Rab1 Re8 12. e4 dxe4 13. Ng5 h6 14. Ngxe4 Nxe4 15. Nxe4 Nf6 16. Bc3 a3 17. b4 Nxe4 18. Qxe4 Bf6 19. Rfe1 Bd7 20. c5 Ra7 21. Re3 Rb8 22. Rb3 b6 23. Ba1 bxc5 24. bxc5 Ra4 25. Qb1 Raa8 26. Rxb8+ Rxb8 27. Rb3 Rxb3 28. Qxb3 e5 29. Qb6 Bd8 30. Qxc7 1/2-1/2

[Event "GER-ch U25 op-A"]
[Site "Oberhof"]
[Date "2013.05.24"]
[Round "8"]
[White "Bilchinski, Anton"]
[Black "Faldum, Manfred"]
[Result "0-1"]
[WhiteElo "1900"]
[BlackElo "1865"]
[PlyCount "58"]
[EventDate "2013.05.19"]
[EventType "swiss"]
[EventRounds "9"]
[EventCountry "GER"]
[SourceTitle "CBM 154 Extra"]
[Source "ChessBase"]
[SourceDate "2013.06.25"]
[SourceVersion "2"]
[SourceVersionDate "2013.06.25"]
[SourceQuality "1"]

1. d4 Nf6 2. c4 g6 3. Nc3 Bg7 4. e4 d6 5. Nf3 0-0 6. Be2 e5 7. 0-0 Nc6 8. d5 Ne7 9. Ne1 Nd7 10. Be3 f5 11. f3 f4 12. Bf2 g5 13. a4 Rf6 14. Nd3 Rh6 15. Be1 Rg6 16. b4 Nf6 17. Nf2 h5 18. c5 g4 19. Rc1 Bh6 20. Nb5 g3 21. Nd3 Nexd5 22. exd5 Nxd5 23. Nxf4 gxh2+ 24. Kh1 Nxf4 25. Bc4+ d5 26. g3 Bh3 27. gxf4 Bg2+ 28. Kxh2 Bxf4+ 29. Bg3 Qh4+ 0-1

[Event "GER-ch U25 op-A"]
[Site "Oberhof"]
[Date "2013.05.19"]
[Round "2"]
[White "Wenninger, Philipp"]
[Black "Faldum, Manfred"]
[Result "1-0"]
[WhiteElo "2220"]
[BlackElo "1865"]
[PlyCount "65"]
[EventDate "2013.05.19"]
[EventType "swiss"]
[EventRounds "9"]
[EventCountry "GER"]
[SourceTitle "CBM 154 Extra"]
[Source "ChessBase"]
[SourceDate "2013.06.25"]
[SourceVersion "2"]
[SourceVersionDate "2013.06.25"]
[SourceQuality "1"]

1. d4 Nf6 2. c4 g6 3. Nc3 Bg7 4. e4 d6 5. f3 0-0 6. Be3 Nc6 7. Nge2 a6 8. Qd2 Rb8 9. Nc1 e5 10. d5 Nd4 11. N1e2 Nxe2 12. Bxe2 Nh5 13. 0-0-0 f5 14. exf5 gxf5 15. Kb1 Bd7 16. c5 Qe7 17. cxd6 cxd6 18. Bb6 Rbc8 19. Ka1 Be8 20. g3 Bg6 21. Rc1 Nf6 22. h4 Nd7 23. Bf2 b5 24. h5 Bf7 25. g4 e4 26. gxf5 e3 27. Bxe3 Rfe8 28. Ne4 Rxc1+ 29. Rxc1 Bxh5 30. Rg1 Kh8 31. Rg5 Nf6 32. Bd4 Nxe4 33. fxe4 1-0

[Event "GER-chT U20"]
[Site "Osnabrueck"]
[Date "2012.12.29"]
[Round "5.4"]
[White "Diyap, Murat"]
[Black "Faldum, Manfred"]
[Result "1-0"]
[WhiteElo "1920"]
[BlackElo "1822"]
[PlyCount "95"]
[EventDate "2012.12.27"]
[EventType "team-swiss"]
[EventRounds "7"]
[EventCountry "GER"]
[SourceTitle "EXT 2014"]
[Source "ChessBase"]
[SourceDate "2013.11.20"]
[SourceVersion "1"]
[SourceVersionDate "2013.11.20"]
[SourceQuality "1"]
[WhiteTeam "Frankfurt 1860"]
[BlackTeam "Heidesheim"]
[WhiteTeamCountry "GER"]
[BlackTeamCountry "GER"]

1. e4 c5 2. Nf3 g6 3. d4 cxd4 4. Nxd4 Bg7 5. Nc3 Nc6 6. Nb3 Nf6 7. Be2 0-0 8. Bg5 d6 9. 0-0 h6 10. Bh4 a6 11. f4 Rb8 12. Bf3 Nd7 13. Kh1 Re8 14. Qe2 Bxc3 15. bxc3 Qc7 16. Qd2 f6 17. Rad1 Nb6 18. g4 Kg7 19. g5 fxg5 20. fxg5 h5 21. Bxh5 gxh5 22. g6 Ne5 23. Rf7+ Nxf7 24. gxf7 Rh8 25. Rf1 Bg4 26. h3 Qc4 27. Qg5+ Kh7 28. Nd2 Qxc3 29. hxg4 Qh3+ 30. Kg1 Qxg4+ 31. Qxg4 hxg4 32. Bxe7 Nd7 33. Bxd6 Rbc8 34. e5 Nf8 35. Ne4 Kg6 36. Bxf8 Rhxf8 37. e6 Rc7 38. Nf6 Rfxf7 39. exf7 Rxf7 40. Nxg4 Rc7 41. Rf2 Rc3 42. Ne5+ Kg5 43. Nd3 Ra3 44. Nc1 Rc3 45. Kf1 Kg4 46. Ke1 Rc7 47. Nd3 Rc3 48. Kd2 1-0

[Event "Karl Mala Memorial op 15th"]
[Site "Frankfurt"]
[Date "2012.07.07"]
[Round "5"]
[White "Faldum, Manfred"]
[Black "Seehaus, Bernhard"]
[Result "1/2-1/2"]
[WhiteElo "1923"]
[BlackElo "2091"]
[PlyCount "33"]
[EventDate "2012.07.05"]
[EventType "swiss"]
[EventRounds "7"]
[EventCountry "GER"]
[SourceTitle "CBM 149 Extra"]
[Source "ChessBase"]
[SourceDate "2012.08.24"]
[SourceVersion "1"]
[SourceVersionDate "2012.08.24"]
[SourceQuality "1"]

1. e4 d6 2. Nc3 Nf6 3. g3 e5 4. Bg2 Be7 5. Nge2 Nc6 6. d3 0-0 7. 0-0 Bg4 8. h3 Bxe2 9. Nxe2 d5 10. exd5 Nxd5 11. Bd2 Bf6 12. Nc3 Nxc3 13. Bxc3 Qd7 14. Re1 Rae8 15. Kh2 b6 16. Qd2 Nd4 17. Bxd4 1/2-1/2

[Event "Karl Mala Memorial op 15th"]
[Site "Frankfurt"]
[Date "2012.07.05"]
[Round "1"]
[White "Faldum, Manfred"]
[Black "Peschk, Kathrin"]
[Result "1-0"]
[WhiteElo "1923"]
[BlackElo "1020"]
[PlyCount "91"]
[EventDate "2012.07.05"]
[EventType "swiss"]
[EventRounds "7"]
[EventCountry "GER"]
[SourceTitle "CBM 149 Extra"]
[Source "ChessBase"]
[SourceDate "2012.08.24"]
[SourceVersion "1"]
[SourceVersionDate "2012.08.24"]
[SourceQuality "1"]

1. e4 e5 2. Nf3 Nc6 3. Bc4 Bc5 4. d3 Nf6 5. Bb3 d6 6. c3 0-0 7. h3 Be6 8. Nbd2 a6 9. Nf1 Ne7 10. Ng3 Ng6 11. Nh2 c6 12. Ng4 d5 13. Qe2 Re8 14. Bc2 Bd7 15. b4 Bd6 16. Bg5 Be7 17. Qf3 b6 18. Bxf6 Bxf6 19. Nxf6+ Qxf6 20. Qxf6 gxf6 21. Nh5 Re6 22. Bb3 Rd6 23. exd5 Nf4 24. Nxf4 exf4 25. Kd2 cxd5 26. h4 Re8 27. Rae1 d4 28. c4 Rde6 29. c5 Rxe1 30. Rxe1 bxc5 31. Rxe8+ Bxe8 32. bxc5 Bc6 33. Bc4 a5 34. f3 Kf8 35. Kc2 Ke7 36. Kb3 f5 37. a3 f6 38. Ba6 Ke6 39. Kc4 Ke5 40. h5 h6 41. Bc8 Be8 42. Bb7 Bxh5 43. Kb5 Be8+ 44. Kxa5 Ke6 45. Kb6 Ke7 46. c6 1-0

[Event "GER-ch U18"]
[Site "Oberhof"]
[Date "2012.05.28"]
[Round "3"]
[White "Faldum, Manfred"]
[Black "Wenninger, Philipp"]
[Result "0-1"]
[WhiteElo "1885"]
[BlackElo "2221"]
[PlyCount "44"]
[EventDate "2012.05.27"]
[EventType "swiss"]
[EventRounds "9"]
[EventCountry "GER"]
[SourceTitle "CBM 148 Extra"]
[Source "ChessBase"]
[SourceDate "2012.06.22"]
[SourceVersion "1"]
[SourceVersionDate "2012.06.22"]
[SourceQuality "1"]

1. e4 e6 2. d3 d5 3. Nd2 Nf6 4. Ngf3 Nc6 5. e5 Nd7 6. d4 f6 7. exf6 Qxf6 8. c3 Bd6 9. Bb5 0-0 10. 0-0 e5 11. Qb3 Ne7 12. Bxd7 Bxd7 13. dxe5 Bxe5 14. Ne4 Qf5 15. Ng3 Bxg3 16. hxg3 b6 17. Bg5 Ng6 18. Rad1 c6 19. Be3 Qh5 20. Rd2 Rxf3 21. gxf3 Ne5 22. Re1 Bh3 0-1

[Event "Rheinland Pfalz op 3rd"]
[Site "Gau Algesheim"]
[Date "2011.07.29"]
[Round "2"]
[White "Schild, Christoph"]
[Black "Faldum, Manfred"]
[Result "1-0"]
[WhiteElo "2283"]
[BlackElo "2031"]
[PlyCount "98"]
[EventDate "2011.07.28"]
[EventType "swiss"]
[EventRounds "7"]
[EventCountry "GER"]
[SourceTitle "EXT 2013"]
[Source "ChessBase"]
[SourceDate "2012.11.22"]
[SourceVersion "1"]
[SourceVersionDate "2012.11.22"]
[SourceQuality "1"]

1. c4 Nf6 2. Nf3 g6 3. g3 Bg7 4. Bg2 0-0 5. Nc3 d6 6. 0-0 e5 7. Rb1 a6 8. d3 h6 9. b4 Nc6 10. a4 Be6 11. b5 axb5 12. axb5 Ne7 13. Bb2 Qd7 14. Ra1 Rab8 15. Re1 Bh3 16. Bh1 Ng4 17. Qb3 Kh8 18. b6 c6 19. Bg2 Bxg2 20. Kxg2 h5 21. h3 Nh6 22. Ne4 f5 23. Neg5 c5 24. Qa4 Nc6 25. Nh4 Qe8 26. e3 Bf6 27. f4 Kg7 28. Nhf3 Nb4 29. Qb3 Nf7 30. Nxf7 Rxf7 31. e4 Re7 32. exf5 gxf5 33. Re3 Qc6 34. Rae1 Rbe8 35. Qd1 h4 36. g4 fxg4 37. hxg4 h3+ 38. Kh2 Kf7 39. fxe5 Bxe5+ 40. Bxe5 dxe5 41. Ng5+ Kg8 42. Ne4 Ra8 43. g5 Rf7 44. Rxh3 Ra2+ 45. Re2 Rxe2+ 46. Qxe2 Qg6 47. Nf6+ Rxf6 48. gxf6 Qxf6 49. Qg4+ Qg7 1-0